[Event "4NCL Division 1b"]
[Site "Birmingham, ENG"]
[Date "2016.03.19"]
[Round "7.154"]
[White "Strugnell, Carl"]
[Black "Le Roux, Jean-Pierre"]
[Result "0-1"]
[WhiteElo "2202"]
[BlackElo "2562"]
[PlyCount "94"]
[EventDate "2016.03.19"]
[WhiteTeam "South Wales Dragons"]
[BlackTeam "Guildford 1"]

1. e4 c6 2. d4 d5 3. e5 Bf5 4. Nd2 e6 5. Nb3 Nd7 6. Nf3 Ne7 7. Be2 Bg4 8. Ng1
Bxe2 9. Nxe2 h5 10. Nf4 g6 11. O-O Nf5 12. Qe2 Qc7 13. Bd2 Be7 14. a4 O-O 15.
a5 c5 16. c4 dxc4 17. Qxc4 Qc6 18. d5 exd5 19. Nxd5 Rfe8 20. Bc3 Bf8 21. Rfe1
Bg7 22. f4 Rac8 23. Nd2 b5 24. axb6 axb6 25. Ra6 Rcd8 26. Ne3 Nxe3 27. Rxe3 Nb8
28. Ra7 Rd7 29. Rxd7 Nxd7 30. Rd3 b5 31. Qd5 Nb8 32. Ne4 b4 33. Be1 c4 34. Rd4
Qxd5 35. Rxd5 Nc6 36. Rc5 Nd4 37. Kf2 Ne6 38. Rxc4 Nxf4 39. Nd6 Nd3+ 40. Ke2
Rxe5+ 41. Kxd3 Rxe1 42. Rc8+ Bf8 43. Ne4 Rd1+ 44. Kc2 Rg1 45. g3 Rg2+ 46. Kb3
Rxh2 47. Rc7 Re2 0-1

[Event "4NCL Division 1b"]
[Site "Birmingham, ENG"]
[Date "2016.03.19"]
[Round "7.155"]
[White "Pert, Nicholas"]
[Black "Williamson, Roger G"]
[Result "1-0"]
[WhiteElo "2574"]
[BlackElo "2188"]
[PlyCount "91"]
[EventDate "2016.03.19"]
[WhiteTeam "Guildford 1"]
[BlackTeam "South Wales Dragons"]

1. d4 d5 2. c4 e6 3. Nc3 Nf6 4. Nf3 Be7 5. cxd5 exd5 6. Bg5 c6 7. e3 O-O 8. Bd3
Nbd7 9. Qc2 Re8 10. O-O Nf8 11. Rab1 a5 12. a3 Be6 13. Rfc1 Ng6 14. b4 axb4 15.
axb4 Nd7 16. Bxe7 Qxe7 17. b5 Bg4 18. Be2 Bxf3 19. Bxf3 Nh4 20. Ne2 Qg5 21. Ng3
Rac8 22. bxc6 bxc6 23. Be2 f5 24. Ba6 Rcd8 25. Bb7 Nb8 26. Bxc6 Nxc6 27. Qxc6
f4 28. exf4 Qxf4 29. Re1 Rf8 30. Qe6+ Kh8 31. Qe3 Qf7 32. f3 Qg6 33. Qf2 h6 34.
Rb2 Rf6 35. Rbe2 Rdf8 36. Kh1 Nf5 37. Re5 Rd8 38. Nxf5 Rxf5 39. Qg3 Qh5 40. h3
Qf7 41. Re7 Qf6 42. R1e6 Qf8 43. Qe1 Qg8 44. Qh4 Qf8 45. Rxg7 Qxg7 46. Rxh6+
1-0

[Event "4NCL Division 1b"]
[Site "Birmingham, ENG"]
[Date "2016.03.19"]
[Round "7.156"]
[White "Redmond, John P"]
[Black "Flear, Glenn C"]
[Result "0-1"]
[WhiteElo "2209"]
[BlackElo "2452"]
[PlyCount "106"]
[EventDate "2016.03.19"]
[WhiteTeam "South Wales Dragons"]
[BlackTeam "Guildford 1"]

1. Nf3 d5 2. g3 Nc6 3. d4 Bf5 4. Bg2 Nb4 5. Na3 e6 6. c3 Na6 7. Qb3 Qc8 8. O-O
Nf6 9. Nh4 Bg4 10. f3 Bh5 11. e4 c6 12. Bg5 Be7 13. Rae1 Nc7 14. g4 Bg6 15.
Nxg6 hxg6 16. e5 Nd7 17. Bxe7 Kxe7 18. Qb4+ c5 19. dxc5 Na6 20. Qf4 Qxc5+ 21.
Kh1 Nc7 22. Nc2 Raf8 23. Qg5+ Ke8 24. Nd4 Qe7 25. Qxe7+ Kxe7 26. f4 Nb8 27. Kg1
Nc6 28. Rd1 f6 29. exf6+ Rxf6 30. Ne2 g5 31. fxg5 Rg6 32. Rf4 Rxg5 33. Rdf1 Ne5
34. h3 Rg6 35. Nd4 Rf6 36. Rxf6 gxf6 37. Re1 Kd6 38. Re2 Nc6 39. Nc2 Na6 40.
Ne3 Nc5 41. Rd2 Ke7 42. Kf2 Ne5 43. Kg3 Rg8 44. Re2 b6 45. Nc2 Ncd3 46. Nd4 a6
47. Rd2 Kd6 48. Nf3 f5 49. Nxe5 Nxe5 50. Rd4 fxg4 51. hxg4 Nc4 52. b3 Ne3 53.
Bf3 Nf5+ 0-1

[Event "4NCL Division 1b"]
[Site "Birmingham, ENG"]
[Date "2016.03.19"]
[Round "7.157"]
[White "Hebden, Mark L"]
[Black "Zeidler, Sven P"]
[Result "1-0"]
[WhiteElo "2471"]
[BlackElo "2190"]
[PlyCount "91"]
[EventDate "2016.03.19"]
[WhiteTeam "Guildford 1"]
[BlackTeam "South Wales Dragons"]

1. d4 f5 2. g3 Nf6 3. Bg2 g6 4. Nf3 Bg7 5. O-O O-O 6. c4 d6 7. Nc3 c6 8. Rb1 a5
9. b3 Na6 10. Bb2 Bd7 11. d5 Nc5 12. Ne1 Ng4 13. e3 Qb6 14. Nd3 Nxd3 15. Qxd3
g5 16. dxc6 bxc6 17. Na4 Qc7 18. Bxg7 Kxg7 19. f4 gxf4 20. exf4 Rad8 21. Rfe1
e5 22. Qc3 Rfe8 23. c5 d5 24. fxe5 Nxe5 25. Nb6 Kg8 26. Qxa5 f4 27. gxf4 Nd3
28. Rxe8+ Rxe8 29. Qd2 Bf5 30. Rf1 Nxc5 31. Nxd5 cxd5 32. Qxd5+ Be6 33. Qg5+
Kh8 34. Rc1 Rg8 35. Qxc5 Qxf4 36. Qc3+ Rg7 37. Rf1 Qg5 38. Rf2 Qd8 39. Rd2 Qb6+
40. Qd4 Qb7 41. Kh1 Qf7 42. Rf2 Qg6 43. Rf8+ Bg8 44. Rxg8+ Kxg8 45. Qd8+ Kf7
46. Bd5+ 1-0

[Event "4NCL Division 1b"]
[Site "Birmingham, ENG"]
[Date "2016.03.19"]
[Round "7.158"]
[White "Jameson, David"]
[Black "Milliet, Sophie"]
[Result "0-1"]
[WhiteElo "2103"]
[BlackElo "2360"]
[PlyCount "106"]
[EventDate "2016.03.19"]
[WhiteTeam "South Wales Dragons"]
[BlackTeam "Guildford 1"]

1. e4 c5 2. c3 d5 3. exd5 Qxd5 4. d4 g6 5. Nf3 Bg7 6. Na3 cxd4 7. Nb5 Na6 8.
cxd4 Nf6 9. Be2 O-O 10. O-O Bg4 11. Nc3 Qd6 12. Be3 Nb4 13. Qd2 Nbd5 14. Rfd1
Nxe3 15. Qxe3 Nd5 16. Nxd5 Qxd5 17. b3 Qd6 18. h3 Be6 19. Rac1 Bd5 20. Bc4 Bxc4
21. Rxc4 Rac8 22. Rdc1 Rxc4 23. Rxc4 Bf6 24. Qc3 Kg7 25. Rc7 Qa6 26. a4 Rd8 27.
Ne5 Qb6 28. Nd7 Qxd4 29. Qxd4 Bxd4 30. Rxb7 Rc8 31. b4 Rc1+ 32. Kh2 Bxf2 33.
Ne5 h5 34. g4 h4 35. Kg2 Bg3 36. Nf3 Rc2+ 37. Kg1 Rb2 38. a5 a6 39. g5 Bd6 40.
Rb6 Bxb4 41. Rxa6 Bc5+ 42. Kh1 Rb1+ 43. Kg2 Rb2+ 44. Kh1 Rf2 45. Ne5 Rf5 46.
Nd3 Bd4 47. Ra8 Rf3 48. Nb4 Rxh3+ 49. Kg2 Rg3+ 50. Kh2 Be5 51. Nc6 Bd6 52. Rc8
Ra3+ 53. Kh1 h3 0-1

[Event "4NCL Division 1b"]
[Site "Birmingham, ENG"]
[Date "2016.03.19"]
[Round "7.161"]
[White "Adair, James R"]
[Black "Tarhon, Brian"]
[Result "1-0"]
[WhiteElo "2470"]
[BlackElo "2304"]
[PlyCount "99"]
[EventDate "2016.03.19"]
[WhiteTeam "White Rose 1"]
[BlackTeam "Sussex Martlets 1"]

1. e4 c5 2. Nf3 e6 3. d4 cxd4 4. Nxd4 Nf6 5. Nc3 d6 6. g4 e5 7. Bb5+ Bd7 8.
Bxd7+ Nbxd7 9. Nf5 g6 10. Ne3 Nc5 11. Qf3 Ne6 12. Ned5 Nxd5 13. Nxd5 Be7 14.
Bh6 Bg5 15. Bxg5 Nxg5 16. Qe3 h5 17. f4 Ne6 18. f5 Nf4 19. O-O-O Nxd5 20. Rxd5
hxg4 21. Rhd1 Qh4 22. fxg6 Qh6 23. gxf7+ Ke7 24. Qd2 Qxd2+ 25. R5xd2 Rh6 26.
Rg1 Rh4 27. Rdg2 Rf8 28. Rxg4 Rxh2 29. Rg8 Rh7 30. Rxf8 Kxf8 31. Rg6 Kxf7 32.
Rxd6 Ke7 33. Rd5 Kf6 34. b3 b6 35. a4 Rh4 36. Rd7 Rxe4 37. Rxa7 Kf5 38. Rf7+
Ke6 39. Rb7 Rb4 40. Kd2 Kd5 41. Kc3 Rh4 42. Rxb6 Rh3+ 43. Kb2 e4 44. Rb8 e3 45.
Re8 Kd4 46. a5 Rh6 47. b4 Rh5 48. a6 Rh7 49. Kb3 Rh2 50. c3+ 1-0

[Event "4NCL Division 1b"]
[Site "Birmingham, ENG"]
[Date "2016.03.19"]
[Round "7.162"]
[White "Cumming, Rhys"]
[Black "Wells, Peter K"]
[Result "0-1"]
[WhiteElo "2173"]
[BlackElo "2422"]
[PlyCount "90"]
[EventDate "2016.03.19"]
[WhiteTeam "Sussex Martlets 1"]
[BlackTeam "White Rose 1"]

1. d4 Nf6 2. c4 e6 3. Nc3 Bb4 4. Qc2 O-O 5. Nf3 c5 6. dxc5 Na6 7. g3 Nxc5 8.
Bg2 b6 9. O-O Bb7 10. Nb5 Be4 11. Qd1 Nb7 12. Bf4 a6 13. Nd6 Bxd6 14. Bxd6 Nxd6
15. Qxd6 Rc8 16. Ne5 Bxg2 17. Kxg2 b5 18. Rac1 bxc4 19. Rxc4 Rxc4 20. Nxc4 Qc8
21. Rc1 Qb7+ 22. f3 Qb5 23. Rc2 h6 24. b3 Nd5 25. Rd2 Rc8 26. e4 Rxc4 27. exd5
Rc1 28. Rf2 Rd1 29. Qe7 Qxd5 30. Qe8+ Kh7 31. Qxf7 Qe5 32. Qf4 Qxf4 33. gxf4
Kg6 34. Rc2 Kf5 35. Kg3 Rg1+ 36. Kf2 Ra1 37. Ke3 d5 38. Rd2 g5 39. fxg5 hxg5
40. Rg2 e5 41. Rd2 d4+ 42. Kd3 Kf4 43. Re2 Rf1 44. Re4+ Kf5 45. Ke2 Rh1 0-1

[Event "4NCL Division 1b"]
[Site "Birmingham, ENG"]
[Date "2016.03.19"]
[Round "7.163"]
[White "Ly, Moulthun"]
[Black "Willson, Ollie"]
[Result "1-0"]
[WhiteElo "2500"]
[BlackElo "2065"]
[PlyCount "81"]
[EventDate "2016.03.19"]
[WhiteTeam "White Rose 1"]
[BlackTeam "Sussex Martlets 1"]

1. e4 c5 2. Nf3 e6 3. d4 cxd4 4. Nxd4 Nc6 5. Nc3 Qc7 6. Be3 a6 7. Be2 Nf6 8.
O-O Bb4 9. Na4 Be7 10. Nxc6 bxc6 11. Nb6 Rb8 12. Nxc8 Qxc8 13. Bd4 c5 14. Be5
Rb6 15. b3 d6 16. Bb2 O-O 17. Bd3 Re8 18. Kh1 Nd7 19. f4 Bf8 20. f5 exf5 21.
exf5 Ne5 22. Be2 Qc6 23. c4 a5 24. Bc3 Ra6 25. a4 Rb8 26. Rb1 Qc7 27. Bf3 Ra7
28. Be4 Re8 29. Bd5 Qd8 30. Qh5 Qf6 31. Rbe1 Rb8 32. Qd1 Ra6 33. Re3 Qg5 34.
Rg3 Qd8 35. Qh5 Ra7 36. Bxe5 dxe5 37. f6 g6 38. Rxg6+ hxg6 39. Qxg6+ Kh8 40.
Qh5+ Kg8 41. Be4 1-0

[Event "4NCL Division 1b"]
[Site "Birmingham, ENG"]
[Date "2016.03.19"]
[Round "7.164"]
[White "Bucher, Grant W"]
[Black "Palliser, Richard J D"]
[Result "0-1"]
[WhiteElo "2128"]
[BlackElo "2420"]
[PlyCount "56"]
[EventDate "2016.03.19"]
[WhiteTeam "Sussex Martlets 1"]
[BlackTeam "White Rose 1"]

1. e4 c5 2. f4 d5 3. exd5 Nf6 4. Bb5+ Nbd7 5. c4 g6 6. Nf3 Bg7 7. O-O O-O 8.
Bxd7 Bxd7 9. Ne5 e6 10. dxe6 Bxe6 11. d3 Nd7 12. Nf3 Nb6 13. Qc2 Bf5 14. Rd1
Bg4 15. Nbd2 Re8 16. h3 Bh5 17. Rf1 Re7 18. Qd1 Qxd3 19. g4 Rae8 20. Nb3 Qxc4
21. Re1 Rxe1+ 22. Nxe1 Bxg4 23. hxg4 Nd5 24. Ng2 Re2 25. Qf1 Qd3 26. Kh2 b6 27.
Qg1 c4 28. Nd2 Nxf4 0-1

[Event "4NCL Division 1b"]
[Site "Birmingham, ENG"]
[Date "2016.03.19"]
[Round "7.165"]
[White "McNab, Colin A"]
[Black "Graham, David B"]
[Result "1-0"]
[WhiteElo "2435"]
[BlackElo "2136"]
[PlyCount "79"]
[EventDate "2016.03.19"]
[WhiteTeam "White Rose 1"]
[BlackTeam "Sussex Martlets 1"]

1. c4 g6 2. g3 Bg7 3. Bg2 d6 4. Nc3 Nf6 5. e4 O-O 6. Nge2 Nc6 7. O-O e5 8. d3
Nh5 9. Be3 f5 10. Qd2 Be6 11. exf5 gxf5 12. f4 Nf6 13. h3 Qd7 14. Rae1 Rae8 15.
b3 Bf7 16. Kh2 Bg6 17. Bf2 a6 18. d4 exd4 19. Nxd4 Ne4 20. Nxe4 fxe4 21. Nxc6
bxc6 22. Bd4 h5 23. Rd1 Bxd4 24. Qxd4 Qg7 25. Qe3 Bf5 26. Rf2 Rf6 27. Bf1 c5
28. Be2 Rh6 29. a3 Qd7 30. Rg1 Kh7 31. Bf1 Qg7 32. Rd2 c6 33. b4 cxb4 34. axb4
Rb8 35. b5 axb5 36. cxb5 cxb5 37. Rd5 Qd7 38. Rxf5 Qxf5 39. Qa7+ Kg6 40. Qxb8
1-0

[Event "4NCL Division 1b"]
[Site "Birmingham, ENG"]
[Date "2016.03.19"]
[Round "7.166"]
[White "Hoare, Amy B"]
[Black "Maroroa, Sue"]
[Result "0-1"]
[WhiteElo "2102"]
[BlackElo "2297"]
[PlyCount "124"]
[EventDate "2016.03.19"]
[WhiteTeam "Sussex Martlets 1"]
[BlackTeam "White Rose 1"]

1. e4 e5 2. Nf3 Nc6 3. Bc4 Bc5 4. c3 Nf6 5. d3 d6 6. Bb3 O-O 7. Nbd2 a6 8. h3
Ne7 9. Nf1 Ng6 10. Ng3 Qe8 11. O-O Kh8 12. Re1 Ng8 13. d4 Ba7 14. Nf5 f6 15.
Be3 N6e7 16. Ng3 Ng6 17. Nh2 Be6 18. Nf5 Bxb3 19. Qxb3 Qc8 20. Nf3 N8e7 21.
Nxe7 Nxe7 22. dxe5 fxe5 23. Bxa7 Rxa7 24. Re3 Ng6 25. Qd1 Nf4 26. Ne1 Rf6 27.
Nd3 Qe6 28. Rf3 Ra8 29. Nxf4 exf4 30. Qd3 Re8 31. Re1 Qxa2 32. Qd2 Qf7 33. Qd4
Qe6 34. Qd2 Qe5 35. Rd3 c6 36. Rd1 Ree6 37. Qc2 h6 38. Rd4 Qh5 39. Kh2 Rg6 40.
Qd3 Qe5 41. Qf3 Rg5 42. Rg1 Kh7 43. b4 Reg6 44. Rdd1 Re6 45. Rd4 Qf6 46. Re1
Rge5 47. g3 fxg3+ 48. Qxg3 Rg5 49. Qe3 Qg6 50. Rd2 Rge5 51. f3 d5 52. Rg2 Qf6
53. Qd3 dxe4 54. fxe4 Qf4+ 55. Kg1 Rg6 56. Ree2 Rxg2+ 57. Rxg2 Qxe4 58. Qd7 Re7
59. Qd8 Qe3+ 60. Kh2 Qf4+ 61. Kh1 Re1+ 62. Rg1 Qf3+ 0-1

[Event "4NCL Division 1b"]
[Site "Birmingham, ENG"]
[Date "2016.03.19"]
[Round "7.167"]
[White "Weller, Jean-Luc"]
[Black "Tebbs, Howard L"]
[Result "1-0"]
[WhiteElo "2249"]
[BlackElo "2097"]
[PlyCount "61"]
[EventDate "2016.03.19"]
[WhiteTeam "White Rose 1"]
[BlackTeam "Sussex Martlets 1"]

1. d4 f5 2. Bg5 d5 3. e3 Qd6 4. Nf3 Nf6 5. c4 Qb4+ 6. Nbd2 c6 7. Bxf6 exf6 8.
Qc2 Be6 9. h4 dxc4 10. a3 Qa5 11. Bxc4 Bxc4 12. Qxc4 Qd5 13. h5 Kf7 14. Qd3 Nd7
15. O-O Nc5 16. Qc2 Ne4 17. Nxe4 fxe4 18. Nd2 Re8 19. f3 exf3 20. Rxf3 Bd6 21.
h6 g6 22. Raf1 Re6 23. Qc3 c5 24. dxc5 Be5 25. Qb4 b6 26. Nc4 Rc8 27. Nxe5+
Qxe5 28. Qa4 Qd5 29. Qxa7+ Ke8 30. Qxh7 Qxc5 31. Qxg6+ 1-0

[Event "4NCL Division 1b"]
[Site "Birmingham, ENG"]
[Date "2016.03.19"]
[Round "7.168"]
[White "Higgs, Anthony R J"]
[Black "Townsend, M Paul"]
[Result "0-1"]
[WhiteElo "1973"]
[BlackElo "2248"]
[PlyCount "78"]
[EventDate "2016.03.19"]
[WhiteTeam "Sussex Martlets 1"]
[BlackTeam "White Rose 1"]

1. d4 d5 2. c4 e6 3. Nc3 c5 4. e3 Nf6 5. Nf3 Nc6 6. Be2 dxc4 7. Bxc4 a6 8. O-O
b5 9. Bd3 Bb7 10. b3 cxd4 11. exd4 Be7 12. Bb2 O-O 13. Rc1 Rc8 14. Bb1 Nb4 15.
Ne5 Qb6 16. Qd2 Rfd8 17. Ne2 Be4 18. Bxe4 Nxe4 19. Qf4 f5 20. Qe3 Nxa2 21. Rxc8
Rxc8 22. f3 Bg5 23. Nf4 Nf6 24. Ned3 Rc6 25. Qf2 Bxf4 26. Nxf4 Nb4 27. Ba3 Nfd5
28. Nxd5 Nxd5 29. Qh4 b4 30. Bc1 Rc2 31. Bg5 h6 32. Be7 g5 33. Bxg5 hxg5 34.
Qxg5+ Kf7 35. Qh5+ Ke7 36. Qh7+ Kd6 37. Qh8 Ne7 38. Re1 Kd7 39. Kh1 Rd2 0-1

[Event "4NCL Division 1b"]
[Site "Birmingham, ENG"]
[Date "2016.03.19"]
[Round "7.171"]
[White "Gormally, Daniel W"]
[Black "Haria, Ravi"]
[Result "1-0"]
[WhiteElo "2489"]
[BlackElo "2398"]
[PlyCount "111"]
[EventDate "2016.03.19"]
[WhiteTeam "Blackthorne Russia"]
[BlackTeam "Cambridge University 1"]

1. e4 e6 2. d4 d5 3. Nd2 Nf6 4. e5 Nfd7 5. Ngf3 c5 6. c3 Nc6 7. Bd3 Qb6 8. O-O
g6 9. dxc5 Qc7 10. c4 Nxc5 11. cxd5 exd5 12. Nb3 Nxb3 13. Qxb3 Be6 14. Ng5 Be7
15. Nxe6 fxe6 16. Be3 O-O 17. Rac1 Rac8 18. f4 Qd7 19. Qd1 Nb4 20. Bb1 Rxc1 21.
Bxc1 Bc5+ 22. Kh1 Nc6 23. Bxg6 hxg6 24. Qc2 Bb6 25. Qxg6+ Qg7 26. Qxe6+ Qf7 27.
Qg4+ Qg7 28. Qd1 Ne7 29. g4 Rc8 30. Qe2 Qh6 31. b3 Qh3 32. Re1 d4 33. Qg2 Qxg2+
34. Kxg2 Rc2+ 35. Kf3 Nd5 36. Ke4 Nc3+ 37. Kd3 Rxh2 38. e6 Kf8 39. f5 Nd5 40.
g5 Rh3+ 41. Ke4 Nc3+ 42. Kf4 Bc5 43. f6 Nd5+ 44. Kg4 Rc3 45. Rh1 Kg8 46. Kf5
Rc2 47. Kg6 Ne7+ 48. fxe7 Bxe7 49. Bf4 Re2 50. Kf5 Bf8 51. Rd1 Bg7 52. Rc1 d3
53. Rc8+ Bf8 54. Rd8 b5 55. Be5 Rf2+ 56. Kg6 1-0

[Event "4NCL Division 1b"]
[Site "Birmingham, ENG"]
[Date "2016.03.19"]
[Round "7.172"]
[White "Bisby, Daniel L"]
[Black "Hunt, Harriet V"]
[Result "0-1"]
[WhiteElo "2286"]
[BlackElo "2449"]
[PlyCount "54"]
[EventDate "2016.03.19"]
[WhiteTeam "Cambridge University 1"]
[BlackTeam "Blackthorne Russia"]

1. e4 c5 2. d4 cxd4 3. c3 dxc3 4. Nxc3 e6 5. Nf3 a6 6. Bc4 b5 7. Bb3 Bb7 8. O-O
b4 9. Nd5 exd5 10. exd5 Bd6 11. Re1+ Kf8 12. Qd4 a5 13. Bg5 Nf6 14. Nh4 h6 15.
Bf4 Bxf4 16. Qxf4 d6 17. Nf5 Ra6 18. Rac1 g6 19. Ne7 Kg7 20. Ba4 Nbd7 21. Bc6
Bxc6 22. dxc6 Ne5 23. Rxe5 dxe5 24. Qxe5 Qd2 25. Re1 Re8 26. Re2 Rxe7 27. Qxe7
Qc1+ 0-1

[Event "4NCL Division 1b"]
[Site "Birmingham, ENG"]
[Date "2016.03.19"]
[Round "7.173"]
[White "Ledger, Andrew J"]
[Black "Bukojemski, Adam"]
[Result "1-0"]
[WhiteElo "2379"]
[BlackElo "2250"]
[PlyCount "83"]
[EventDate "2016.03.19"]
[WhiteTeam "Blackthorne Russia"]
[BlackTeam "Cambridge University 1"]

1. d4 Nf6 2. c4 g6 3. Nc3 Bg7 4. e4 O-O 5. h3 c6 6. Bd3 d5 7. cxd5 cxd5 8. e5
Ne8 9. Nf3 Nc6 10. O-O Nc7 11. Re1 Rb8 12. Be3 b5 13. Rc1 Na5 14. b3 Bd7 15.
Qd2 b4 16. Ne2 Rb6 17. Nf4 e6 18. h4 Nc6 19. h5 Nb5 20. Ne2 Be8 21. Bg5 Ne7 22.
Qxb4 f6 23. exf6 Bxf6 24. Bxf6 Rxf6 25. hxg6 Nxg6 26. Bxg6 Bxg6 27. Qd2 Nd6 28.
Ng3 Ne4 29. Nxe4 dxe4 30. Ne5 Rd6 31. Qg5 Rxd4 32. Rc8 Qxc8 33. Qxf6 Qc3 34.
Qxe6+ Kg7 35. Qe7+ Kg8 36. Re3 Rd1+ 37. Kh2 Qd2 38. Qf6 Qc1 39. Nxg6 Rh1+ 40.
Kg3 hxg6 41. Qxg6+ Kf8 42. Rxe4 1-0

[Event "4NCL Division 1b"]
[Site "Birmingham, ENG"]
[Date "2016.03.19"]
[Round "7.174"]
[White "Hill, Alistair"]
[Black "Ansell, Simon T"]
[Result "1/2-1/2"]
[WhiteElo "2191"]
[BlackElo "2357"]
[PlyCount "80"]
[EventDate "2016.03.19"]
[WhiteTeam "Cambridge University 1"]
[BlackTeam "Blackthorne Russia"]

1. e4 c5 2. Nf3 Nc6 3. d4 cxd4 4. Nxd4 e5 5. Nb5 d6 6. N1c3 a6 7. Na3 Be7 8.
Nc4 b5 9. Ne3 Nf6 10. g3 O-O 11. Bg2 b4 12. Ncd5 Nxd5 13. Nxd5 Rb8 14. O-O Be6
15. c3 bxc3 16. bxc3 Na5 17. Qd3 Bxd5 18. Qxd5 Qc7 19. Rd1 Rb5 20. Qd3 Nc4 21.
Bf1 Rc5 22. Rb1 a5 23. Rb3 Qc6 24. Ba3 Nxa3 25. Rxa3 f5 26. c4 fxe4 27. Qd2 a4
28. Qb4 Qc8 29. Qxa4 Qf5 30. Qc2 d5 31. Re3 Bg5 32. Ree1 Qf3 33. Qe2 dxc4 34.
Bg2 Qxe2 35. Rxe2 c3 36. Bxe4 Bd2 37. Rexd2 cxd2 38. Rxd2 Ra5 39. Bd5+ Kh8 40.
Bb3 g6 1/2-1/2

[Event "4NCL Division 1b"]
[Site "Birmingham, ENG"]
[Date "2016.03.19"]
[Round "7.175"]
[White "Bates, Richard A"]
[Black "Pickard, Charles"]
[Result "1/2-1/2"]
[WhiteElo "2324"]
[BlackElo "2125"]
[PlyCount "95"]
[EventDate "2016.03.19"]
[WhiteTeam "Blackthorne Russia"]
[BlackTeam "Cambridge University 1"]

1. d4 Nf6 2. Nf3 g6 3. g3 Bg7 4. Bg2 O-O 5. c4 d6 6. O-O Nc6 7. Nc3 e5 8. d5
Ne7 9. e4 Ne8 10. Ne1 f5 11. Nd3 Nf6 12. Bg5 fxe4 13. Nxe4 Nf5 14. Qd2 Nxe4 15.
Bxe4 Bf6 16. Bxf6 Qxf6 17. f4 exf4 18. Nxf4 Bd7 19. Bxf5 gxf5 20. Rae1 Rae8 21.
Ne6 Bxe6 22. dxe6 Rxe6 23. Qd5 Rfe8 24. Rxe6 Qxe6 25. Qxe6+ Rxe6 26. Rxf5 Re2
27. Rf2 Re4 28. b3 a5 29. Kf1 Kg7 30. Re2 Rxe2 31. Kxe2 Kf6 32. Kf3 Ke5 33. g4
c6 34. Ke3 d5 35. cxd5 cxd5 36. a3 d4+ 37. Kd3 Kf4 38. b4 axb4 39. axb4 Kxg4
40. Kxd4 Kh3 41. Kc5 Kxh2 42. Kb6 h5 43. Kxb7 h4 44. b5 Kg1 45. b6 h3 46. Kc7
h2 47. b7 h1=Q 48. b8=Q 1/2-1/2

[Event "4NCL Division 1b"]
[Site "Birmingham, ENG"]
[Date "2016.03.19"]
[Round "7.176"]
[White "Spencer, Carl J"]
[Black "Ledger, Dave J"]
[Result "0-1"]
[WhiteElo "2107"]
[BlackElo "2232"]
[PlyCount "90"]
[EventDate "2016.03.19"]
[WhiteTeam "Cambridge University 1"]
[BlackTeam "Blackthorne Russia"]

1. e4 e5 2. Nf3 Nc6 3. Bb5 a6 4. Ba4 Nf6 5. O-O Be7 6. Re1 b5 7. Bb3 O-O 8. a4
Bb7 9. d3 d6 10. Nc3 b4 11. Ne2 Na5 12. Ba2 c5 13. c3 Nc6 14. Ng3 Bc8 15. h3
Rb8 16. d4 bxc3 17. bxc3 exd4 18. cxd4 cxd4 19. Nxd4 Nxd4 20. Qxd4 Qb6 21. Qxb6
Rxb6 22. Be3 Rc6 23. Rac1 Bd7 24. Nf5 Re8 25. f3 Bf8 26. Rxc6 Bxc6 27. a5 d5
28. Rc1 Bd7 29. Bc5 Rc8 30. Be3 Rxc1+ 31. Bxc1 dxe4 32. fxe4 Nxe4 33. Ne3 Bc5
34. Bc4 Nc3 35. Bxa6 Nd1 36. Kf1 Nxe3+ 37. Ke2 Nd5 38. Bb7 Bb5+ 39. Kf3 Nc7 40.
Bf4 Ba6 41. Bc6 Ne6 42. Bd2 Nd4+ 43. Ke4 Nxc6 44. Kd5 Nxa5 45. Bxa5 Bf2 0-1

[Event "4NCL Division 1b"]
[Site "Birmingham, ENG"]
[Date "2016.03.19"]
[Round "7.177"]
[White "Nelson, Jonathan P"]
[Black "Robertson, J Stuart"]
[Result "1/2-1/2"]
[WhiteElo "2184"]
[BlackElo "2111"]
[PlyCount "90"]
[EventDate "2016.03.19"]
[WhiteTeam "Blackthorne Russia"]
[BlackTeam "Cambridge University 1"]

1. e4 c5 2. c3 Nf6 3. e5 Nd5 4. d4 cxd4 5. cxd4 e6 6. Nf3 d6 7. Bc4 Nc6 8. O-O
Be7 9. Qe2 O-O 10. Qe4 Bd7 11. exd6 Bxd6 12. Nc3 Nxc3 13. bxc3 Ne7 14. Ng5 Ng6
15. Bb3 Qc7 16. h4 Qxc3 17. Be3 Bb5 18. Rfd1 Be2 19. Rac1 Qa5 20. Rd2 Qa6 21.
h5 Rac8 22. Re1 Bxh5 23. g4 Bxg4 24. Qxg4 Bb4 25. Qh3 h6 26. Nxe6 Bxd2 27. Bxd2
Rfe8 28. Nc5 Qf6 29. Rxe8+ Rxe8 30. Be3 b6 31. Nd7 Qd6 32. Qf5 Re7 33. Ne5 Nxe5
34. dxe5 Qxe5 35. Bxf7+ Kf8 36. Qxe5 Rxe5 37. Bb3 Ke7 38. Kg2 Rf5 39. f4 g5 40.
fxg5 hxg5 41. Kg3 Re5 42. Bc1 Kd6 43. Kg4 Kc5 44. Bxg5 a5 45. Kf4 Rxg5 1/2-1/2

[Event "4NCL Division 1b"]
[Site "Birmingham, ENG"]
[Date "2016.03.19"]
[Round "7.178"]
[White "Kueh, Audrey"]
[Black "Ledger, Stephen C"]
[Result "1/2-1/2"]
[WhiteElo "2085"]
[BlackElo "2177"]
[PlyCount "29"]
[EventDate "2016.03.19"]
[WhiteTeam "Cambridge University 1"]
[BlackTeam "Blackthorne Russia"]

1. e4 c5 2. Nf3 Nc6 3. Bb5 e6 4. O-O Nge7 5. c3 a6 6. Bxc6 Nxc6 7. d4 cxd4 8.
cxd4 d5 9. exd5 Qxd5 10. Nc3 Qd8 11. Re1 Be7 12. d5 exd5 13. Nxd5 Be6 14. Nxe7
Qxd1 15. Rxd1 1/2-1/2

[Event "4NCL Division 1b"]
[Site "Birmingham, ENG"]
[Date "2016.03.19"]
[Round "7.181"]
[White "Batchelor, Peter J"]
[Black "Sanders, Isaac B"]
[Result "0-1"]
[WhiteElo "2349"]
[BlackElo "2348"]
[PlyCount "84"]
[EventDate "2016.03.19"]
[WhiteTeam "Grantham Sharks 1"]
[BlackTeam "Barbican 4NCL 2"]

1. d4 f5 2. Nf3 Nf6 3. g3 g6 4. Bg2 Bg7 5. O-O O-O 6. c4 d6 7. Nc3 Qe8 8. b3 e5
9. dxe5 dxe5 10. Ba3 Rf7 11. Qc2 Nc6 12. Rad1 h6 13. Bb2 e4 14. Nd4 Nxd4 15.
Rxd4 Be6 16. e3 c6 17. Rfd1 Rd7 18. Ne2 Rad8 19. b4 Qf7 20. Rxd7 Rxd7 21. Rc1
Ng4 22. Bxg7 Qxg7 23. Nd4 Bf7 24. Bf1 Ne5 25. Be2 Qf6 26. c5 Bd5 27. a4 g5 28.
b5 f4 29. Qd2 Rf7 30. Kh1 fxg3 31. fxg3 Nf3 32. Bxf3 exf3 33. Qf2 Qe5 34. Kg1
Qe4 35. a5 a6 36. b6 h5 37. Rd1 h4 38. Nc2 hxg3 39. hxg3 Rh7 40. Rd4 Qe6 41. e4
Qh3 42. Qxf3 Qh2+ 0-1

[Event "4NCL Division 1b"]
[Site "Birmingham, ENG"]
[Date "2016.03.19"]
[Round "7.182"]
[White "Griffiths, Ryan Rhys"]
[Black "Rendle, Thomas E"]
[Result "1-0"]
[WhiteElo "2353"]
[BlackElo "2360"]
[PlyCount "53"]
[EventDate "2016.03.19"]
[WhiteTeam "Barbican 4NCL 2"]
[BlackTeam "Grantham Sharks 1"]

1. d4 e6 2. c4 f5 3. Nc3 Nf6 4. f3 d5 5. e3 Bd6 6. Bd3 O-O 7. Nh3 c5 8. O-O
cxd4 9. exd4 dxc4 10. Bxc4 Bxh2+ 11. Kh1 Bd6 12. Re1 Nc6 13. Bxe6+ Bxe6 14.
Rxe6 Qd7 15. d5 Nd8 16. Re1 Bg3 17. Re2 Nf7 18. Qd4 Rad8 19. Bf4 Nh5 20. Kg1
Nxf4 21. Nxf4 Rfe8 22. Ne6 Rxe6 23. Rxe6 Ng5 24. Re2 Qf7 25. f4 Qh5 26. fxg5
Bc7 27. Re6 1-0

[Event "4NCL Division 1b"]
[Site "Birmingham, ENG"]
[Date "2016.03.19"]
[Round "7.183"]
[White "Roberson, Peter T"]
[Black "Sowray, Peter J"]
[Result "0-1"]
[WhiteElo "2384"]
[BlackElo "2349"]
[PlyCount "64"]
[EventDate "2016.03.19"]
[WhiteTeam "Grantham Sharks 1"]
[BlackTeam "Barbican 4NCL 2"]

1. e4 e5 2. Nf3 Nc6 3. Bb5 a6 4. Ba4 Nf6 5. O-O Be7 6. d3 b5 7. Bb3 d6 8. a3
Na5 9. Ba2 c5 10. Nc3 Be6 11. Nd5 Nxd5 12. exd5 Bg4 13. h3 Bh5 14. b4 Nb7 15.
g4 Bg6 16. bxc5 Nxc5 17. d4 exd4 18. Nxd4 O-O 19. f4 Be4 20. Nc6 Qd7 21. Bb2
Rfe8 22. c4 Bd3 23. cxb5 Bxf1 24. Kxf1 axb5 25. Bb1 Ra4 26. Nb4 Bf8 27. Bc2
Raa8 28. Qf3 Qe7 29. Bd4 Ne4 30. Rd1 Nd2+ 31. Rxd2 Qe1+ 32. Kg2 Qxd2+ 0-1